LEADER 01298nam a2200289 i 4500 001 000000146563 003 CaOOAMICUS 005 20060110000000.0 008 060110s1979 it u000 u ita u 013 $a123374 040 $aSeMil$bita 100 1 $aThe Open University.$0(OLS)http://semarc/name/46507 245 13$aIl linguaggio :$bbasi biologiche, apprendimento e comunicazione verbale /$cThe Open University. 260 $aBletchley :$bThe Open University,$ccopyr. 1979. 260 $a[Milano] :$bMondadori,$ccopyr. 1979. 300 $a156 p. :$bill. ;$c19 cm. 490 0 $aTEST : Tascabili delle Edizioni scientifiche e tecniche 500 $aFondo Ciprandi. 650 4$aLinguaggio - Studi.$0(OLS)http://semarc/subject/5270 830 0$aTEST : Tascabili delle Edizioni scientifiche e tecniche.$0(OLS)http://semarc/title/20085 850 $aSeMil 852 $aSeMil$W1$xVenegono$y1$m3XA II 4$j99208$B99208$CSeMilBibl$Z2$F107629 $81 941 1 $a1 961 $aOmaggio: Ciprandi dott. Paolo 996 $6245$aIl linguaggio :$bbasi biologiche, apprendimento e comunicazione verbale$9(OLS)http://semarc/title/214313 996 $6260$a[Milano] :$bMondadori$9(OLS)http://semarc/publisher/29662 996 $6260$aBletchley :$bThe Open University$9(OLS)http://semarc/publisher/47716 LEADER 00948nam a2200241 i 4500 001 000000150243 003 CaOOAMICUS 005 20060607000000.0 008 060607s1966 it u000 u ita u 013 $a127581 040 $aSeMil$bita 100 1 $aPesce, Giacomo,$c.$0(OLS)http://semarc/name/10259 245 13$aLa Madonna :$b(Mesi di Maggio) /$cGiacomo Pesce. 260 $aPadova :$bGregoriana,$cCopyr. 1966. 300 $a1128 p. ;$c17 cm. 500 $aVolume in cofanetto. 650 4$aMaria - Meditazioni.$0(OLS)http://semarc/subject/7299 650 4$aMadonna - Preghiera.$0(OLS)http://semarc/subject/17915 850 $aSeMil 852 $aSeMil$W1$xVenegono$y1$m2L III 82$j102401$B102401$CSeMilBibl$Z2$F112337 $81 961 $aLascito: Bonalumi don Gildo 996 $6245$aLa Madonna :$b(Mesi di Maggio)$9(OLS)http://semarc/title/219707 996 $6260$aPadova :$bGregoriana$9(OLS)http://semarc/publisher/31482